000 00505nam a2200181Ia 4500
003 OSt
005 20230516152800.0
008 210423s1982 xx 000 0 und d
040 _cAL
041 _aeng
082 _a200
_223
_bSHIC
100 _aSHIRI (Godwin).
_9105932
245 _aChristian social thought in india: 1962 -1977.
260 _aMadras
_bChristian Literature Society
_c1982
365 _b20
_cINR
906 _a1962 ; -1977. ; Christian ; india: ; social ; thought
942 _2ddc
_cBK
999 _c172268
_d172268